zpět

Detail výsledku týmu

U Lucerny ČT, Brno

Datum a čas kvízu

17 Celkem bodů Celkový počet nahraných bodů na tomto kvízu bez doplňovacích otázek.
8. Pořadí na kvízu Konečné umístění týmu na tomto kvízu.

Zaznamenané odpovědi

# Otázka Odpověď Body Výsledky
1. Jak se jmenuje sídlo na Uhersk... D 0
2. Mezinárodní tým záchranářů v ú... v Turecku 0
3. Jak se nazývá historické drama... Bratři 0
4. Ve které zemi vydal telekomuni... ve Francii 1
5. Která tenistka, světová jednič... Simona Halep 0
6. Anglický výraz GOAT zkracuje o... Eddy Merckx 0
7. Nejrychlejší muž planety a osm... Carl Lewis 1
8. Pokud se kohokoliv zeptáte na... 1C 2A 3D 4B 0
9. Ve voze které stáje vyhrál své... Benetton 1
10. V březnu 2023 tato americká ly... Mikaela Shiffrin 0